Bandiere mal Disegnate #2 - Statistics

Statistiche generali
  • Questo quiz è stato fatto 3.126 volte
  • Il punteggio medio è 12 su 16
Statistiche sulle risposte
con Immagini Risposta % Corretto
Germania
100%
Bosnia ed Erzegovina
95%
Algeria
93%
Iran
93%
Filippine
83%
Mongolia
80%
Haiti
75%
Burundi
73%
Bahamas
69%
Repubblica Centrafricana
68%
Lesotho
67%
Tonga
67%
Eritrea
66%
Comoros
62%
Nauru
61%
Isole Salomone
45%
Nessun quiz corrispondente trovato
Distribuzione punteggi
Percentuale di utenti per punteggio
Percentile per numero di risposta
I tuoi punteggi nel tempo
Non hai fatto questo quiz